| 000 | 00508nam a22001697a 4500 | ||
|---|---|---|---|
| 003 | SISC | ||
| 005 | 20160811111159.0 | ||
| 008 | 160811b xxu||||| |||| 00| 0 eng d | ||
| 020 | _a0706997093 | ||
| 050 |
_aLB 1715 _b.Ag266 1995 |
||
| 100 | _aAggarwal, J.C. | ||
| 245 |
_aTeacher and education in a developing society / _cJ.C. Aggarwal. |
||
| 260 |
_aNew Delhi, _bVikas Publishing House PVT LTD, _c1995. |
||
| 300 |
_axii, 566 pages ; _c22 cm. |
||
| 500 | _aIncludes appendix and index. | ||
| 942 |
_2lcc _cBK |
||
| 999 |
_c300483 _d300483 |
||